| 000 | 00345nam a2200121Ia 4500 | ||
|---|---|---|---|
| 008 | 230907s9999||||xx |||||||||||||| ||und|| | ||
| 082 |
_a891.4393 _bMAH |
||
| 245 | 0 | _aمیرے خواب ریزہ ریزہ , Meray khawab reza reza / | |
| 260 |
_a7th Sky Publishers, _bLahore : _c2011 |
||
| 300 | _a360 p. | ||
| 650 | _aUrdu Literature | ||
| 942 | _cBK | ||
| 999 |
_c599706 _d599706 |
||